<?xml version="1.0" encoding="UTF-8"?>
<record
    xmlns:xsi="http://www.w3.org/2001/XMLSchema-instance"
    xsi:schemaLocation="http://www.loc.gov/MARC21/slim http://www.loc.gov/standards/marcxml/schema/MARC21slim.xsd"
    xmlns="http://www.loc.gov/MARC21/slim">

  <leader>01222nam a2200193 a 4500</leader>
  <controlfield tag="008">161215t2004    ag  |||g |||| 001 f spa d</controlfield>
  <datafield tag="041" ind1=" " ind2=" ">
    <subfield code="a">spa</subfield>
  </datafield>
  <datafield tag="092" ind1=" " ind2=" ">
    <subfield code="c">863</subfield>
    <subfield code="l">29</subfield>
    <subfield code="s">GUI</subfield>
  </datafield>
  <datafield tag="100" ind1="1" ind2=" ">
    <subfield code="a">Guiraldes, Ricardo</subfield>
    <subfield code="9">3207</subfield>
  </datafield>
  <datafield tag="245" ind1=" " ind2=" ">
    <subfield code="a">Don Segundo Sombra /</subfield>
    <subfield code="c">Ricardo Guiraldes</subfield>
  </datafield>
  <datafield tag="250" ind1=" " ind2=" ">
    <subfield code="a">1a ed.</subfield>
  </datafield>
  <datafield tag="260" ind1=" " ind2=" ">
    <subfield code="a">Buenos Aires:</subfield>
    <subfield code="b">Longseller;</subfield>
    <subfield code="c">2004.</subfield>
  </datafield>
  <datafield tag="300" ind1=" " ind2=" ">
    <subfield code="a">320 p.</subfield>
    <subfield code="c">18x11 cm.</subfield>
  </datafield>
  <datafield tag="500" ind1=" " ind2=" ">
    <subfield code="a">Guiraldes, R. (2004). Don Segundo Sombra. (1a ed.). Buenos Aires : Longseller.</subfield>
  </datafield>
  <datafield tag="505" ind1=" " ind2=" ">
    <subfield code="a">Don Segundo Sombra, el gaucho y su mundo, se asocian f&#xE1;cilmente con la idea del campo como espacio de concreci&#xF3;n de una vida natural y sana, diferente de la que se desarrolla en la selva urbana. Don Segundo Sombra puede leerse en clave biogr&#xE1;fica y tambi&#xE9;n como novela de aprendizaje. Un muchacho de la ciudad, hu&#xE9;rfano, se desvincula de su pueblo para seguir a Don Segundo; aprender a arrear y a domar caballos; participa del fog&#xF3;n, la ri&#xF1;a de gallos, los bailes y hasta de un duelo. Las andanzas y la amistad entre un hombre maduro y un joven se plasman en esta novela considerada la obra maestra de la tradici&#xF3;n gauchesca. </subfield>
  </datafield>
  <datafield tag="590" ind1=" " ind2=" ">
    <subfield code="a">Proyecto Literatura 4to libro. Eugenia Paredes</subfield>
  </datafield>
  <datafield tag="655" ind1=" " ind2=" ">
    <subfield code="a">Novela</subfield>
    <subfield code="9">3091</subfield>
  </datafield>
  <datafield tag="942" ind1=" " ind2=" ">
    <subfield code="2">ddc</subfield>
    <subfield code="c">LIT</subfield>
  </datafield>
  <datafield tag="999" ind1=" " ind2=" ">
    <subfield code="c">2369</subfield>
    <subfield code="d">2369</subfield>
  </datafield>
  <datafield tag="952" ind1=" " ind2=" ">
    <subfield code="0">0</subfield>
    <subfield code="1">0</subfield>
    <subfield code="2">ddc</subfield>
    <subfield code="4">0</subfield>
    <subfield code="7">0</subfield>
    <subfield code="8">FIC</subfield>
    <subfield code="a">BFM</subfield>
    <subfield code="b">BFM</subfield>
    <subfield code="c">CR</subfield>
    <subfield code="d">2017-03-02</subfield>
    <subfield code="e">Donacion Eugenia Paredes, Marzo 2017</subfield>
    <subfield code="l">4</subfield>
    <subfield code="m">3</subfield>
    <subfield code="o">863 29 GUI</subfield>
    <subfield code="p">3828</subfield>
    <subfield code="r">2023-07-31</subfield>
    <subfield code="s">2023-06-06</subfield>
    <subfield code="t">Ej.1</subfield>
    <subfield code="w">2017-03-02</subfield>
    <subfield code="y">LIT</subfield>
    <subfield code="z">Proyecto el 4to libro. Donaci&#xF3;n Paredes, Eugenia</subfield>
  </datafield>
</record>
